000 00509nam a2200193 4500
001 25121
005 20230410104006.0
008 060907n1998 dr spa
020 _a0824209354
035 _9funglode25312
041 _aEN
050 1 4 _aCB 151 O16w 1998
100 _aOchoa, George
245 1 4 _aThe Wilson chronology of ideas /
_cGeorge Ochoa and Melinda Corey
260 _aNew York :
_bH.W. Wilson,
_c1998
300 _axi, 431 p
700 _aCorey, Melinda
942 _2lcc
_cbk
999 _c29889
_d29889